[Event "Indywidualne Mistrzostwa Polski Mlodzikow do lat 10 - Chlopcy"]
[Site "Szklarska Poreba"]
[Date "1899-12-30"]
[Round "7.7"]
[White "Rosa, Antoni"]
[Black "Komendecki, Antoni"]
[Result "1-0"]
[WhiteTitle "II"]
[BlackTitle "II"]
[WhiteElo "1203"]
[BlackElo "1271"]

1. f4 c5 2. c4 Nf6 3. Nc3 g6 4. d3 d5 5. cxd5 Nxd5 6. Bd2 Bg7 7. Qc2 b6 8. g3 Bb7
9. Bg2 O-O 10. Nxd5 Bxd5 11. Bxd5 Qxd5 12. Nf3 Rd8 13. Bc3 Nc6 14. Bxg7 Kxg7 15.
O-O Rac8 16. b3 Nd4 17. Qb2 Kg8 18. Nxd4 Qxd4+ 19. Qxd4 Rxd4 20. Rfc1 f5 21. Rc3
Rcd8 22. Rac1 Kf7 23. Kf2 Kf6 24. Rc4 e5 25. Rxd4 Rxd4 26. Rc4 exf4 27. gxf4 Rxc4
28. dxc4 h6 29. e3 g5 30. h3 Kg6 31. Kf3 a6 32. e4 Kf6 33. e5+ Ke6 34. Kg3 b5
35. a4 bxc4 36. bxc4 a5 37. Kf3 h5 38. fxg5 Kxe5 39. h4 f4 40. g6 Kf6 41. Kxf4
Kxg6 42. Ke5 Kf7 43. Kd5 Ke7 44. Kxc5 Kd7 45. Kb6 Kc8 46. Kc6 Kb8 47. Kd7 1-0

[Event "Indywidualne Mistrzostwa Polski Mlodzikow do lat 10 - Chlopcy"]
[Site "Szklarska Poreba"]
[Date "1899-12-30"]
[Round "7.8"]
[White "Bochniak, Franciszek"]
[Black "Hryniewicz, Maciej"]
[Result "0-1"]
[WhiteTitle "II"]
[BlackTitle "II"]
[WhiteElo "1263"]
[BlackElo "1133"]

1. d4 Nf6 2. Nf3 e6 3. e3 d5 4. Bd3 c5 5. b3 b6 6. O-O Bb7 7. Bb2 Bd6 8. Nbd2 Nbd7
9. Re1 O-O 10. Ne5 Bxe5 11. dxe5 Ne4 12. Nxe4 dxe4 13. Bb5 Nb8 14. Qxd8 Rxd8 15.
Red1 Nc6 16. Bxc6 Bxc6 17. Rd6 Rxd6 18. exd6 Rd8 19. Rd1 f6 20. c4 e5 21. a3 Kf7
22. b4 Ke6 23. b5 Be8 24. Bc3 Rxd6 25. Rxd6+ Kxd6 26. a4 Bf7 27. Kf1 Bxc4+ 28.
Ke1 Bb3 29. a5 Ba4 30. axb6 axb6 31. Kd2 Bxb5 32. Kc2 Ke6 33. Be1 f5 34. f3 exf3
35. gxf3 Bc6 36. f4 exf4 37. exf4 h6 38. Bh4 Kd5 39. Be7 Ke4 40. Bf8 g5 41. Bxh6
gxf4 42. Kd2 Kf3 43. Bg5 Kg4 44. Bh6 f3 45. Ke1 Kh3 46. Kf2 Kxh2 47. Bf8 Kh3 48.
Bd6 Kg4 49. Ke3 Kh5 50. Bg3 b5 51. Bf2 c4 52. Be1 Kg6 53. Bb4 f4+ 54. Kf2 Kf6
55. Bd6 c3 56. Bxf4 b4 57. Be3 Ke5 58. Bh6 Kd4 59. Ke1 b3 60. Bg7+ Kd3 61. Bxc3
Kxc3 62. Kf2 Ba4 63. Kxf3 b2 64. Ke4 b1=Q+ 65. Kd5 Bc6+ 66. Kxc6 Qf5 67. Kb6 Qd5
68. Kc7 Qe6 69. Kb7 Qd6 70. Ka7 Qc6 71. Kb8 Qd7 72. Ka8 Kb4 73. Kb8 Kb5 74. Ka8
Kb6 75. Kb8 Qe8# 0-1

[Event "Indywidualne Mistrzostwa Polski Mlodzikow do lat 10 - Chlopcy"]
[Site "Szklarska Poreba"]
[Date "1899-12-30"]
[Round "7.9"]
[White "Kubik, Bartosz"]
[Black "Liskiewicz, Jakub"]
[Result "0-1"]
[WhiteTitle "II"]
[BlackTitle "I"]
[WhiteElo "1148"]
[BlackElo "1260"]

1. e4 d6 2. d4 Nf6 3. Nc3 g6 4. f4 Bg7 5. Nf3 O-O 6. Bd3 Nbd7 7. O-O c5 8. e5 Ne8
9. dxc5 dxe5 10. Nxe5 Nxe5 11. fxe5 Bxe5 12. Be3 Be6 13. g3 Nf6 14. Qe1 Ng4 15.
Bf4 Bd4+ 16. Kh1 Rc8 17. b4 Qd7 18. Rd1 Rfd8 19. Bb5 Bd5+ 20. Ne4 Bc6 21. Bxc6
Qxc6 22. Rf3 Nf2+ 23. Rxf2 Bxf2 24. Rxd8+ Rxd8 25. Qe2 Rd4 26. b5 Qxe4+ 27. Qxe4
Rxe4 28. c6 bxc6 29. bxc6 Rc4 0-1

[Event "Indywidualne Mistrzostwa Polski Mlodzikow do lat 10 - Chlopcy"]
[Site "Szklarska Poreba"]
[Date "1899-12-30"]
[Round "7.10"]
[White "Olszewski, Antoni"]
[Black "Kozak, Karol"]
[Result "1-0"]
[WhiteTitle "II"]
[BlackTitle "II"]
[WhiteElo "1514"]
[BlackElo "1133"]

1. e4 c5 2. Nf3 Nc6 3. d4 cxd4 4. Nxd4 g6 5. c4 Bg7 6. Be3 Nh6 7. Nxc6 bxc6 8.
Nc3 O-O 9. Be2 d6 10. O-O Rb8 11. Rb1 f5 12. f3 Qc7 13. Qd2 Nf7 14. Rfd1 Be6 15.
exf5 Bxf5 16. Bd3 Be6 17. Be2 Ne5 18. b3 Bf5 19. Ne4 Rfd8 20. Rbc1 Rf8 21. Bh6
Bxh6 22. Qxh6 Nf7 23. Qe3 Qa5 24. Qd2 Qb6+ 25. Kh1 Rbc8 26. Ng3 Be6 27. c5 dxc5
28. Qe3 Bd5 29. Qxe7 Qa5 30. Qxc5 Qxa2 31. Bc4 Bxc4 32. Qxc4 Rcd8 33. Ne4 Qa3
34. Nf6+ Kg7 35. Qc3 Kh6 36. Ng4+ Kh5 37. Qg7 Rxd1+ 38. Rxd1 Qxb3 39. Qxh7+ Kg5
40. Rg1 Rd8 41. Nf2 a5 42. Ne4+ Kf5 43. Qh4 g5 44. Qh7+ Kf4 45. g3+ Kxf3 46. Qf5+
Ke2 47. Qf2+ Kd3 48. Nc5+ Kc4 49. Nxb3 Kxb3 50. Qxf7+ Ka4 51. Qc4+ Ka3 52. Rb1
Rd1+ 53. Rxd1 g4 54. Rb1 a4 55. Qb4+ Ka2 56. Qb2# 1-0

[Event "Indywidualne Mistrzostwa Polski Mlodzikow do lat 10 - Chlopcy"]
[Site "Szklarska Poreba"]
[Date "1899-12-30"]
[Round "7.11"]
[White "Uhryn, Lukasz"]
[Black "Micula, Jakub"]
[Result "0-1"]
[WhiteTitle "II"]
[BlackTitle "II+"]
[WhiteElo "1042"]
[BlackElo "1357"]

1. e4 c5 2. Nf3 Nc6 3. d4 cxd4 4. Nxd4 Nf6 5. Nc3 e5 6. Ndb5 d6 7. Bg5 a6 8. Na3
b5 9. Nd5 Be7 10. Nxe7 Nxe7 11. Qd2 Nxe4 12. Bxe7 Qxe7 13. Qb4 d5 14. Qxe7+ Kxe7
15. f3 Nd6 16. O-O-O Bb7 17. g3 Rac8 18. Bh3 Rc5 19. Rhe1 f6 20. f4 e4 21. b3
Bc8 22. Bg2 Be6 23. h3 Rhc8 24. Rd2 b4 25. Nb1 Nf5 26. g4 Nd4 27. Bxe4 dxe4 28.
Rxd4 Rxc2+ 29. Kd1 Rc1+ 30. Ke2 Rxe1+ 31. Kxe1 Rc1+ 32. Rd1 Rxd1+ 33. Kxd1 g6
34. Kd2 f5 35. g5 Kd6 36. Ke3 Kc5 37. Nd2 a5 38. h4 a4 39. Ke2 axb3 40. Nxb3+
Bxb3 41. axb3 Kd4 42. Kd2 e3+ 43. Ke2 Ke4 44. Ke1 Kxf4 45. Ke2 Ke4 46. Ke1 f4
47. h5 f3 48. hxg6 hxg6 49. Kd1 Kd3 50. Ke1 f2+ 51. Kd1 f1=Q# 0-1

[Event "Indywidualne Mistrzostwa Polski Mlodzikow do lat 10 - Chlopcy"]
[Site "Szklarska Poreba"]
[Date "1899-12-30"]
[Round "7.12"]
[White "Wojtacha, Krzysztof"]
[Black "Grobelny, Mikolaj"]
[Result "1/2-1/2"]
[WhiteTitle "II"]
[BlackTitle "II+"]
[WhiteElo "1280"]
[BlackElo "1177"]

1. e4 c6 2. d4 d5 3. Nc3 dxe4 4. Nxe4 Nd7 5. Nf3 Ngf6 6. Bd3 Nxe4 7. Bxe4 Nf6 8.
Bd3 Bg4 9. c3 e6 10. O-O Bd6 11. Bg5 h6 12. Be3 Qc7 13. h3 Bxf3 14. Qxf3 Rd8 15.
Rad1 O-O 16. Bxh6 Rfe8 17. Bg5 Be7 18. Bf4 Bd6 19. Bxd6 Qxd6 20. Rfe1 Qc7 21.
Re5 Rd5 22. Rde1 Red8 23. Bc4 Rxe5 24. Rxe5 b5 25. Bd3 Rd5 26. Rxd5 Nxd5 27. Be4
a5 28. Qg3 Qd8 29. Qf3 Qc7 30. Bxd5 cxd5 31. Qe2 Qd7 32. b3 Qc6 33. Qd3 g6 34.
Kf1 Qc7 35. Qg3 Qc6 36. Ke2 Kg7 37. Kd2 a4 38. Kc2 axb3+ 39. axb3 Qa6 40. Kb2
b4 41. cxb4 Qe2+ 42. Ka3 Qa6+ 43. Kb2 Qe2+ 44. Kc3 Qe1+ 45. Kc2 Qe2+ 46. Kb1 Qd1+
47. Kb2 Qe2+ 48. Kc1 Qe1+ 49. Kc2 Qe2+ 50. Kc1 Qe1+ 51. Kb2 Qe2+ 1/2-1/2

[Event "Indywidualne Mistrzostwa Polski Mlodzikow do lat 10 - Chlopcy"]
[Site "Szklarska Poreba"]
[Date "1899-12-30"]
[Round "7.13"]
[White "Nocek, Dominik"]
[Black "Zielonka, Adam"]
[Result "1/2-1/2"]
[WhiteTitle "II"]
[BlackTitle "II"]
[WhiteElo "1232"]
[BlackElo "1177"]

1. e4 c6 2. Nf3 d5 3. Nc3 Bg4 4. h3 Bxf3 5. Qxf3 e6 6. d3 Nd7 7. Bd2 Ngf6 8. g3
Ne5 9. Qd1 d4 10. Nb1 Be7 11. Bg2 c5 12. O-O O-O 13. Bf4 Ng6 14. Nd2 e5 15. Bg5
Nd7 16. Bxe7 Nxe7 17. Qe2 Nc6 18. a3 Qe7 19. Rab1 Rac8 20. Kh2 b6 21. h4 Rc7 22.
Bh3 b5 23. b3 Nb6 24. f4 exf4 25. Rxf4 g6 26. Rbf1 Re8 27. Nf3 Ne5 28. Nxe5 Qxe5
29. Qf2 Ree7 30. Rf6 Rb7 1/2-1/2

[Event "Indywidualne Mistrzostwa Polski Mlodzikow do lat 10 - Chlopcy"]
[Site "Szklarska Poreba"]
[Date "1899-12-30"]
[Round "7.14"]
[White "Jaszczuk, Piotr"]
[Black "Klim, Juliusz"]
[Result "1/2-1/2"]
[WhiteTitle "II"]
[BlackTitle "II"]
[WhiteElo "1112"]
[BlackElo "1239"]

1. e4 e5 2. Nf3 Nc6 3. Bb5 a6 4. Ba4 Nf6 5. O-O b5 6. Bb3 Bc5 7. c3 d6 8. d4 Bb6
9. dxe5 Nxe5 10. Nxe5 dxe5 11. Qxd8+ Kxd8 12. Bg5 Ke7 13. Nd2 Bb7 14. Rfe1 Rad8
15. Nf3 h6 16. Bxf6+ Kxf6 17. Bc2 g5 18. Rad1 g4 19. Nh4 Kg5 20. g3 c5 21. Nf5
Bc7 22. Ne7 Rhe8 23. Nf5 c4 24. Kf1 Bc8 25. Nh4 Rxd1 26. Rxd1 Rd8 27. Rxd8 Bxd8
28. Ke2 Bb6 29. Ng2 h5 30. Ne3 Bxe3 31. Kxe3 h4 32. f4+ gxf3 33. Kxf3 Bg4+ 34.
Kg2 h3+ 35. Kf2 Kf6 36. Ke3 Ke6 37. b3 Kd6 38. b4 Kc6 39. a3 Kb6 40. Kd2 a5 41.
Bd1 1/2-1/2

[Event "Indywidualne Mistrzostwa Polski Mlodzikow do lat 10 - Chlopcy"]
[Site "Szklarska Poreba"]
[Date "1899-12-30"]
[Round "7.15"]
[White "Wozniak, Mateusz"]
[Black "Kwapisz, Piotr"]
[Result "0-1"]
[WhiteTitle "II"]
[BlackTitle "II"]
[WhiteElo "1122"]
[BlackElo "1326"]

1. d4 d5 2. c4 c6 3. Nc3 e6 4. Nf3 Nf6 5. Bf4 Nbd7 6. e3 Qa5 7. Qc2 Ne4 8. Nd2
Bb4 9. Ndxe4 dxe4 10. Be2 Bxc3+ 11. Qxc3 Qxc3+ 12. bxc3 O-O 13. O-O b6 14. Rfd1
Bb7 15. Rac1 Rac8 16. h3 f5 17. c5 b5 18. Rb1 Nf6 19. Rdc1 Rf7 20. c4 bxc4 21.
Bxc4 Nd5 22. Bd6 Rd7 23. Rb2 Kf7 24. Rcb1 Ba8 25. Ba6 Re8 26. Bb7 Bxb7 27. Rxb7
Red8 28. Kf1 Nf6 29. Ke2 Rxb7 30. Rxb7+ Rd7 31. Rxd7+ Nxd7 32. Kd2 Nf6 33. Bb8
a6 34. Be5 Nd5 35. a3 a5 36. a4 g6 37. Bb8 Ke7 38. Bd6+ Kd7 39. Be5 Kc8 40. Bd6
Kb7 41. Be5 Nb4 42. f3 Nd3 43. f4 Ka6 44. Ke2 h5 45. g3 Kb7 46. h4 Kc8 47. Bf6
Kd7 48. Be5 Nb2 49. d5 Nxa4 50. dxe6+ Kxe6 51. Bc7 Nxc5 52. Bxa5 Nd3 53. Kd2 Kd5
54. Bc3 Kc4 55. Kc2 Nf2 56. Be1 Nd3 57. Bc3 Nb4+ 58. Kd2 Kb3 59. Bd4 Nd3 60. Ke2
c5 61. Ba1 c4 62. Bd4 c3 63. Bb6 c2 0-1

[Event "Indywidualne Mistrzostwa Polski Mlodzikow do lat 10 - Chlopcy"]
[Site "Szklarska Poreba"]
[Date "1899-12-30"]
[Round "7.16"]
[White "Bieronski, Nikodem"]
[Black "Stachowiak, Bruno"]
[Result "0-1"]
[WhiteTitle "II"]
[BlackTitle "II"]
[WhiteElo "1168"]
[BlackElo "1105"]

1. e4 e5 2. Nf3 Nc6 3. Bc4 Nf6 4. Nc3 Nxe4 5. O-O Nxc3 6. dxc3 Bc5 7. Ng5 O-O 8.
Qh5 h6 9. Bxf7+ Rxf7 10. Nxf7 Qf6 11. Be3 Bf8 12. f4 Qxf7 13. Qxf7+ Kxf7 14. fxe5+
Kg8 15. Rae1 b6 16. Bd4 Be7 17. Rf5 d6 18. Rf2 dxe5 19. Bxe5 Nxe5 20. Rxe5 Bc5
21. Re8+ Kh7 22. Ree2 Bg4 23. Kh1 Bxe2 24. Rxe2 Rf8 25. h3 Rf1+ 26. Kh2 Bd6+ 27.
g3 Ra1 28. a3 Rb1 29. b4 Ra1 30. c4 Rxa3 31. c5 bxc5 32. h4 cxb4 33. Rg2 c5 34.
Kh1 Rxg3 35. Rxg3 Bxg3 36. Kg2 a5 37. Kxg3 a4 0-1

[Event "Indywidualne Mistrzostwa Polski Mlodzikow do lat 10 - Chlopcy"]
[Site "Szklarska Poreba"]
[Date "1899-12-30"]
[Round "7.17"]
[White "Jablonski, Dawid"]
[Black "Dietrich, Pawel"]
[Result "1/2-1/2"]
[WhiteTitle "II"]
[BlackTitle "II"]
[WhiteElo "1087"]
[BlackElo "1150"]

1. d4 d5 2. c4 e6 3. Nc3 Nf6 4. cxd5 exd5 5. Nf3 Be7 6. Bf4 O-O 7. e3 c5 8. Bd3
Nc6 9. h3 Qb6 10. Qd2 cxd4 11. exd4 Be6 12. O-O Nb4 13. Be2 Bf5 14. Nh4 Ne4 15.
Nxe4 Bxe4 16. Nf3 Rac8 17. Rfc1 Rxc1+ 18. Rxc1 Nxa2 19. Ra1 Nb4 20. Qc3 Nc2 21.
Bc7 Bb4 22. Bxb6 Bxc3 23. Rxa7 Bxb2 24. Rxb7 Bxf3 25. Bxf3 Bxd4 26. Bxd4 Nxd4
27. Bxd5 Ne6 28. Kh2 Rd8 29. Bxe6 fxe6 30. Rb2 Kf7 31. Re2 Rd3 32. f3 Kf6 33.
Kg3 e5 34. Kf2 Kf5 35. g4+ Kf6 36. Kg3 Rd6 37. h4 h6 38. Re4 Rd4 39. Rxd4 exd4
40. Kf4 d3 41. Ke3 d2 42. Kxd2 g5 43. hxg5+ hxg5 44. Ke3 Ke5 45. Kd2 Ke6 46. Ke2
Kd6 1/2-1/2

[Event "Indywidualne Mistrzostwa Polski Mlodzikow do lat 10 - Chlopcy"]
[Site "Szklarska Poreba"]
[Date "1899-12-30"]
[Round "7.18"]
[White "Dobrowolski, Kamil"]
[Black "Trusewicz, Jakub"]
[Result "0-1"]
[WhiteTitle "III"]
[BlackTitle "II"]
[WhiteElo "1006"]
[BlackElo "1136"]

1. d4 d5 2. c4 Nc6 3. Nc3 Nf6 4. Nf3 dxc4 5. e4 e5 6. dxe5 Qxd1+ 7. Kxd1 Ng4 8.
Nd5 Nxf2+ 9. Ke2 Nxh1 10. Nxc7+ Kd8 11. Nxa8 Bc5 12. Be3 Bxe3 13. Kxe3 b5 14.
a4 Bb7 15. axb5 Nb4 16. Rxa7 Kc8 17. Nb6+ Kb8 18. Ra4 Nc2+ 19. Ke2 Bxe4 20. Rxc4
Bg6 21. g3 Rd8 22. Rc3 Nd4+ 23. Nxd4 Rxd4 24. Re3 Bh5+ 25. Rf3 Re4+ 26. Kd3 Bxf3
27. Nd7+ Kc7 28. Nc5 Nf2+ 29. Kc2 Rxe5 30. b6+ Kc6 31. b4 Be4+ 32. Kc3 Bf5 33.
b7 Kc7 34. Bg2 Ne4+ 35. Kd4 f6 36. g4 Nxc5 37. bxc5 Bxg4 38. Kc4 Be2+ 39. Kb4
Ba6 40. c6 f5 41. Bh3 Bxb7 42. cxb7 Kxb7 43. Kc4 Kc7 44. Bg2 g5 45. Kd4 Kd6 46.
h3 h5 47. Bf3 g4 48. hxg4 hxg4 49. Bg2 f4 50. Be4 f3 51. Bd3 g3 0-1

[Event "Indywidualne Mistrzostwa Polski Mlodzikow do lat 10 - Chlopcy"]
[Site "Szklarska Poreba"]
[Date "1899-12-30"]
[Round "7.20"]
[White "Dobosiewicz, Dawid"]
[Black "Adamala, Tomasz"]
[Result "1/2-1/2"]
[WhiteTitle "II"]
[BlackTitle "III"]
[WhiteElo "1263"]
[BlackElo "1036"]

1. e4 e5 2. Nc3 Nf6 3. Bc4 Nxe4 4. Qh5 Nd6 5. Qxe5+ Qe7 6. Qxe7+ Bxe7 7. Bb3 Nf5
8. Nf3 c6 9. O-O d5 10. d3 O-O 11. Re1 Re8 12. Bf4 Na6 13. h3 Bd7 14. a3 Nc5 15.
Ba2 Ne6 16. Bh2 f6 17. Ne2 Rad8 18. g4 Nd6 19. Nf4 Nxf4 20. Bxf4 g5 21. Bg3 Nf7
22. c3 Bd6 23. Bxd6 Nxd6 24. Kg2 Kg7 25. Nd2 Re6 26. Rxe6 Bxe6 27. Re1 Re8 28.
d4 Bd7 29. Rxe8 Bxe8 30. Bb1 Bg6 31. Bxg6 hxg6 32. Kg3 f5 33. Kf3 Ne4 34. Nxe4
fxe4+ 35. Ke3 Kf6 36. f3 exf3 37. Kxf3 a5 38. Ke3 b5 39. b3 Ke6 40. Kd3 Kd6 41.
c4 b4 42. axb4 axb4 43. c5+ Ke6 44. Ke3 Kf6 45. Kf3 Kg7 46. Kg3 Kh6 47. Kg2 Kg7
48. Kg3 Kh6 1/2-1/2

[Event "Indywidualne Mistrzostwa Polski Mlodzikow do lat 10 - Chlopcy"]
[Site "Szklarska Poreba"]
[Date "1899-12-30"]
[Round "7.21"]
[White "Makuch, Tomasz"]
[Black "Futyma, Dawid"]
[Result "0-1"]
[WhiteTitle "II"]
[BlackTitle "II"]
[WhiteElo "1098"]
[BlackElo "1044"]

1. e4 c5 2. Nf3 Nc6 3. Bb5 g6 4. Bxc6 bxc6 5. Nc3 Bg7 6. d3 Nf6 7. Be3 d6 8. h3
O-O 9. Qd2 Re8 10. O-O Ba6 11. e5 Nd7 12. exd6 exd6 13. Ne4 Qc7 14. Bf4 Rxe4 15.
dxe4 Bxf1 16. Rxf1 Ne5 17. Nxe5 dxe5 18. Be3 Rb8 19. Qc3 c4 20. Rb1 f5 21. Qxc4+
Kh8 22. b4 a5 23. b5 fxe4 24. b6 Qd6 25. Qc5 Bf8 26. Qxd6 Bxd6 27. b7 c5 28. Rb6
Be7 29. a4 Kg7 30. Rb5 Kf7 31. Rxa5 Rxb7 32. Bxc5 Bd8 33. Ra7 Rxa7 34. Bxa7 Ke6
35. c4 Kd6 36. Bb8+ Kc5 37. Bxe5 Kxc4 38. Kf1 Kd3 39. Bd6 Bb6 40. Bb4 e3 41. a5
e2+ 42. Ke1 Bd4 43. a6 Bb6 44. Bd2 Bxf2+ 45. Kxf2 Kxd2 46. a7 e1=Q+ 47. Kf3 Qe3+
0-1

[Event "Indywidualne Mistrzostwa Polski Mlodzikow do lat 10 - Chlopcy"]
[Site "Szklarska Poreba"]
[Date "1899-12-30"]
[Round "7.22"]
[White "Macura, Mateusz"]
[Black "Karwot, Marek"]
[Result "0-1"]
[WhiteTitle "II"]
[BlackTitle "III"]
[WhiteElo "1095"]
[BlackElo "1006"]

1. e4 c5 2. Nc3 Nc6 3. Bb5 d6 4. Bxc6+ bxc6 5. f4 g6 6. d3 Bg7 7. Nf3 e6 8. O-O
Ne7 9. Qe1 O-O 10. Qh4 f5 11. Be3 fxe4 12. dxe4 c4 13. Rad1 Qc7 14. Bd4 d5 15.
Bc5 Bf6 16. Ng5 Rf7 17. g4 Bd7 18. e5 Bxg5 19. Qxg5 Re8 20. Rde1 Kh8 21. a3 Qa5
22. Bd4 c5 23. Bf2 Nc6 24. Bg3 Nd4 25. Rf2 Bc6 26. Ref1 Rg8 27. Bh4 Nf5 28. gxf5
gxf5 29. Rg2 Rxg5 30. Bxg5 d4 31. Rff2 Bxg2 32. Rxg2 dxc3 33. Bf6+ Rxf6 34. exf6
cxb2 35. f7 b1=Q+ 36. Kf2 Qxc2+ 37. Kf1 Qxg2+ 38. Kxg2 Kg7 39. Kh3 Kxf7 40. Kh4
Qe1+ 41. Kh5 Kf6 42. h4 Qg3 43. a4 Qg6# 0-1

[Event "Indywidualne Mistrzostwa Polski Mlodzikow do lat 10 - Chlopcy"]
[Site "Szklarska Poreba"]
[Date "1899-12-30"]
[Round "7.27"]
[White "Wolski, Ernest"]
[Black "Balis, Sebastian"]
[Result "0-1"]
[WhiteTitle "II"]
[BlackTitle "II"]
[WhiteElo "1004"]
[BlackElo "1253"]

1. e4 c5 2. Nf3 e6 3. d4 cxd4 4. Nxd4 a6 5. a3 Nf6 6. Nc3 Nc6 7. Be3 d6 8. Be2
Be7 9. Qd2 Bd7 10. O-O-O b5 11. g4 Nxd4 12. Bxd4 Bc6 13. f3 e5 14. Be3 Rb8 15.
h4 a5 16. g5 Nd7 17. b3 b4 18. axb4 axb4 19. Na2 Qa5 20. c4 bxc3 21. Qc2 Qa3+
22. Kb1 Rxb3+ 23. Ka1 Rb2 24. Qb1 O-O 25. Bc1 Rxb1+ 0-1

[Event "Indywidualne Mistrzostwa Polski Mlodzikow do lat 10 - Chlopcy"]
[Site "Szklarska Poreba"]
[Date "1899-12-30"]
[Round "7.28"]
[White "Sienicki, Oliwier"]
[Black "Cichon, Aleksander"]
[Result "1/2-1/2"]
[WhiteTitle "II"]
[BlackTitle "III"]
[WhiteElo "1135"]
[BlackElo "1085"]

1. e4 c5 2. Nc3 Nc6 3. g3 g6 4. Bg2 Bg7 5. d3 d6 6. Nge2 e6 7. O-O Nge7 8. Be3
Nd4 9. Rb1 O-O 10. Qd2 b6 11. e5 Rb8 12. Nxd4 cxd4 13. Bxd4 Nf5 14. Be3 Bxe5 15.
f4 Bg7 16. d4 d5 17. Qd3 Bb7 18. Rfe1 Re8 19. Bf2 a6 20. Nd1 Qc7 21. c3 a5 22.
Ne3 Nxe3 23. Rxe3 Red8 24. Rc1 Bf8 25. Bf3 Rd6 26. h4 Ba6 27. Qc2 Bg7 28. h5 Rc6
29. Ree1 Rf8 30. Bg4 f5 31. Bf3 Rf6 32. Kg2 Qf7 33. Rh1 Bh6 34. Qd2 Rc8 35. Qd1
Kh8 36. Qb3 b5 37. Rcd1 a4 38. Qc2 Rg8 39. Kf1 gxh5 40. Bxh5 Qg7 41. Rg1 1/2-1/2

[Event "Indywidualne Mistrzostwa Polski Mlodzikow do lat 10 - Chlopcy"]
[Site "Szklarska Poreba"]
[Date "1899-12-30"]
[Round "7.29"]
[White "Chmielewski, Jakub"]
[Black "Dunda, Szymon"]
[Result "1/2-1/2"]
[WhiteTitle "II"]
[BlackTitle "II"]
[WhiteElo "1098"]
[BlackElo "1030"]

1. e4 e5 2. Nf3 Nc6 3. Bc4 Bc5 4. c3 Nf6 5. d3 d6 6. O-O Ne7 7. h3 Ng6 8. Re1 O-O
9. Nbd2 h6 10. Nf1 Re8 11. a4 a6 12. b4 Ba7 13. Ng3 c6 14. d4 Be6 15. Bxe6 Rxe6
16. Be3 Re8 17. dxe5 dxe5 18. Bxa7 Rxa7 19. a5 Ra8 20. Ra2 Qxd1 21. Rxd1 Nf4 22.
Rad2 Kf8 23. Ne1 Ne6 24. Nc2 Rad8 25. Ne3 Rxd2 26. Rxd2 Nf4 27. Nc4 h5 28. f3
g6 29. Nb6 Ke7 30. Nc4 Kf8 31. Nf1 h4 32. Nd6 Re7 33. Nc4 Rd7 34. Nxe5 Rxd2 35.
Nxd2 Ne2+ 1/2-1/2

[Event "Indywidualne Mistrzostwa Polski Mlodzikow do lat 10 - Chlopcy"]
[Site "Szklarska Poreba"]
[Date "1899-12-30"]
[Round "8.1"]
[White "Mulawa, Cyprian"]
[Black "Sowinski, Pawel"]
[Result "0-1"]
[WhiteTitle "II"]
[BlackTitle "I"]
[WhiteElo "1449"]
[BlackElo "1427"]

1. e4 c5 2. d3 g6 3. f4 Bg7 4. Nf3 e6 5. Be2 d5 6. O-O Nc6 7. e5 Nge7 8. c3 d4
9. Nbd2 f5 10. Nc4 O-O 11. Nd6 Qc7 12. h3 Rd8 13. Qc2 Nd5 14. a3 a6 15. c4 Ne3
16. Bxe3 dxe3 17. Qc1 Nd4 18. Nxd4 cxd4 19. c5 Bf8 20. b4 Bd7 21. Qd1 Bc6 22.
Bf3 Bxd6 23. cxd6 Qb6 24. Qb3 Kf7 25. Rac1 Rac8 26. Bxc6 Rxc6 27. Rc2 Rdc8 28.
Rfc1 Rc3 29. d7 R8c6 30. Kf1 Rxb3 31. Rxc6 bxc6 32. Rxc6 Qb5 33. d8=Q Qxc6 34.
Qf6+ Ke8 35. Qh8+ Kd7 36. Qxh7+ Kc8 37. Qg8+ Kb7 38. Qg7+ Kb6 39. Qxg6 Qc1+ 40.
Ke2 Qd2+ 41. Kf3 Qf2# 0-1

[Event "Indywidualne Mistrzostwa Polski Mlodzikow do lat 10 - Chlopcy"]
[Site "Szklarska Poreba"]
[Date "1899-12-30"]
[Round "8.2"]
[White "Bartodziej, Bartosz"]
[Black "Warchol, Kamil"]
[Result "1/2-1/2"]
[WhiteTitle "II+"]
[BlackTitle "CM"]
[WhiteElo "1539"]
[BlackElo "1622"]

1. e4 c5 2. Nf3 Nc6 3. Bb5 e6 4. Bxc6 bxc6 5. b3 Ne7 6. O-O Ng6 7. e5 Be7 8. c4
f6 9. Bb2 fxe5 10. Nxe5 Nxe5 11. Bxe5 Bf6 12. Bxf6 Qxf6 13. Qc2 O-O 14. Nc3 d6
15. Ne4 Qd4 16. Rae1 e5 17. Ng3 Qf4 18. Re3 Be6 19. Ne4 Rad8 20. Rg3 h6 21. d3
Bf5 22. Qe2 Qh4 23. Qe3 Bh7 24. Re1 Kh8 25. Qd2 Qe7 26. Qc2 Rf4 27. Ree3 Rdf8
28. Ref3 R8f7 29. Qe2 d5 30. Nc3 d4 31. Ne4 Bxe4 32. dxe4 Rxf3 33. gxf3 Qd8 34.
Qd3 Qa5 35. a4 Qe1+ 36. Kg2 Rf4 37. Rg6 Qc3 38. Qd1 Rf6 39. Rg3 Qb2 40. Kf1 Kh7
41. h3 Rf8 42. Qd3 Qc1+ 43. Kg2 Rb8 44. h4 Qc3 45. f4 Rxb3 46. Qd1 d3 47. Qg4
exf4 48. Qg6+ 1/2-1/2

[Event "Indywidualne Mistrzostwa Polski Mlodzikow do lat 10 - Chlopcy"]
[Site "Szklarska Poreba"]
[Date "1899-12-30"]
[Round "8.3"]
[White "Przybylski, Jan"]
[Black "Wielgus, Wojciech"]
[Result "0-1"]
[WhiteTitle "II"]
[BlackTitle "I"]
[WhiteElo "1140"]
[BlackElo "1572"]

1. e4 d6 2. d4 Nf6 3. Nc3 e5 4. Nf3 Nbd7 5. Bc4 Be7 6. h3 O-O 7. O-O c6 8. a4 exd4
9. Nxd4 a5 10. Re1 Nb6 11. Bb3 Nfd7 12. Nf5 Nc5 13. Be3 Bxf5 14. Bxc5 dxc5 15.
exf5 Bf6 16. Qg4 Bxc3 17. bxc3 Qf6 18. Re3 Rfe8 19. Rae1 Rxe3 20. Rxe3 Nd5 21.
Bxd5 cxd5 22. Qf4 h6 23. Qe5 Rd8 24. Qxf6 gxf6 25. Re7 b6 26. Re3 Kf8 27. Kf1
d4 28. cxd4 Rxd4 29. Rb3 Rb4 30. Ke2 Ke7 31. Rxb4 axb4 32. Kd3 Kd6 33. Kc4 Ke5
34. Kb5 Kd4 35. Kxb6 c4 36. a5 b3 37. cxb3 cxb3 38. a6 b2 39. a7 b1=Q+ 40. Kc7
Qa2 41. Kb7 Qb3+ 42. Kc8 Qd5 43. Kb8 Qb5+ 44. Kc7 Qa6 45. Kb8 Qb6+ 46. Ka8 Kd5
47. g4 Kc6 48. g5 Qb7# 0-1

[Event "Indywidualne Mistrzostwa Polski Mlodzikow do lat 10 - Chlopcy"]
[Site "Szklarska Poreba"]
[Date "1899-12-30"]
[Round "8.4"]
[White "Suska, Szymon"]
[Black "Rosa, Antoni"]
[Result "1/2-1/2"]
[WhiteTitle "II"]
[BlackTitle "II"]
[WhiteElo "1362"]
[BlackElo "1203"]

1. e4 c5 2. Nc3 a6 3. f4 e6 4. Nf3 d5 5. g3 d4 6. Ne2 Nc6 7. d3 Nf6 8. Bg2 Be7
9. O-O O-O 10. h3 Nd7 11. g4 f5 12. g5 fxe4 13. dxe4 Qe8 14. Ng3 Nb6 15. Nh2 Qd8
16. Qh5 Qe8 17. Qg4 Nb4 18. Qe2 Bd7 19. Qd1 Rc8 20. a3 Nc6 21. e5 Nd8 22. h4 Bc6
23. Bxc6 Qxc6 24. h5 c4 25. Ng4 c3 26. h6 g6 27. Nf6+ Bxf6 28. exf6 cxb2 29. Bxb2
Qxc2 30. Qxc2 Rxc2 31. Bxd4 Nd5 32. Rac1 Rxc1 33. Rxc1 Nxf4 34. Rc7 Nf7 35. Re7
Nh3+ 36. Kg2 Nhxg5 37. Ne2 Ne4 38. Nf4 e5 39. Ne6 Rc8 40. Bxe5 Nxe5 41. Rg7+ Kh8
42. f7 Nxf7 43. Rxf7 Rb8 44. Kf3 Nd6 45. Rd7 Nf5 46. Ng5 Kg8 47. Rxh7 Rf8 48.
Ke4 Rc8 49. Ke5 Rc5+ 50. Kf6 Rc6+ 51. Ke5 Rc5+ 52. Kf6 Rc6+ 53. Ke5 Rb6 54. Kd5
Rb5+ 55. Ke4 Nxh6 56. Rxh6 Rxg5 57. Rh3 Rb5 58. Rc3 Kh7 59. Kf3 Kh6 60. Kg3 Kh5
61. Re3 g5 62. Rc3 Ra5 63. Rb3 b5 64. Rc3 Ra4 65. Kg2 b4 66. axb4 Rxb4 67. Ra3
Rb6 68. Kh3 Rg6 69. Kg3 g4 70. Ra5+ Kh6 71. Rf5 Kg7 72. Rf4 Kg8 73. Rf5 Rg7 74.
Rf6 Ra7 75. Kxg4 a5 76. Rf1 Rg7+ 77. Kh3 Rb7 78. Ra1 Rb5 79. Kg3 Kf7 80. Kf3 Ke6
81. Ke3 Kd5 82. Kd3 Kc6 83. Kc3 Rh5 84. Kb3 Kb5 85. Ka3 Rh3+ 86. Ka2 Rh2+ 87.
Ka3 a4 88. Rg1 Rh3+ 89. Ka2 a3 90. Rg5+ Kb4 91. Rg4+ Kb5 92. Rg5+ 1/2-1/2

[Event "Indywidualne Mistrzostwa Polski Mlodzikow do lat 10 - Chlopcy"]
[Site "Szklarska Poreba"]
[Date "1899-12-30"]
[Round "8.5"]
[White "Liskiewicz, Jakub"]
[Black "Oglaza, Dawid"]
[Result "1/2-1/2"]
[WhiteTitle "I"]
[BlackTitle "II"]
[WhiteElo "1260"]
[BlackElo "1124"]

1. Nf3 Nf6 2. d4 e6 3. c4 b6 4. Nc3 Bb4 5. Bg5 h6 6. Bh4 g5 7. Bg3 Ne4 8. Qc2 f5
9. Be5 Rg8 10. h3 Bb7 11. a3 Bxc3+ 12. bxc3 f4 13. e3 fxe3 14. fxe3 d6 15. Bh2
Qe7 16. Bd3 Nf6 17. O-O Nbd7 18. Bg6+ Kd8 19. Bd3 g4 20. hxg4 Nxg4 21. Qe2 Qg7
22. Ra2 h5 23. Bf4 Ndf6 24. e4 Nd7 25. Bg5+ Kc8 26. Bh4 Qh6 27. Re1 Qf4 28. a4
a5 29. d5 e5 30. Rf1 Nc5 31. Bb1 Qe3+ 1/2-1/2